|
|
|
|
| LEADER |
00000nkm a2200000 a 4500 |
| 001 |
vtls001433733 |
| 003 |
SK-MaSNL |
| 005 |
20260301072729.0 |
| 007 |
kf bo |
| 008 |
231206n xo g 0kuslo |
| 035 |
|
|
|a SNK000388804
|
| 035 |
|
|
|a urn:nbn:sk:snk-km004yv6
|
| 035 |
|
|
|a FFBC62D1-BFDB-41EF-92A9-CE4D2F41F5AF
|
| 035 |
|
|
|a urn:nbn:sk:snk-kmtg8f
|
| 040 |
|
|
|a SNK
|b slo
|c SNK
|e AACR2
|
| 041 |
0 |
|
|a slo
|
| 043 |
|
|
|a e-xo---
|
| 044 |
|
|
|a xo
|c SK
|
| 080 |
|
|
|a 551.4.036
|2 2001
|
| 080 |
|
|
|a (437.6)
|2 2001
|
| 080 |
|
|
|a (084.121)
|2 2001
|
| 245 |
0 |
0 |
|a Lubochnianska dolina
|h grafika
|
| 260 |
|
|
|a Bratislava
|b Tvar
|c [s.a.]
|
| 300 |
|
|
|a 1 pohľadnica
|b čiernobiela
|c 9 x 14 cm
|
| 520 |
8 |
|
|a Zobrazenie: pohľad na Ľubochniansku dolinu
|
| 650 |
0 |
7 |
|a doliny
|2 SNKPH
|9 256361
|
| 651 |
|
7 |
|a Ľubochňa (Slovensko)
|2 SNKPH
|9 82539
|
| 655 |
|
7 |
|a miestne pohľadnice
|2 SNKPH
|9 70510
|
| 852 |
|
|
|a Slovenská národná knižnica
|
| 958 |
|
|
|a GC
|
| 958 |
|
|
|a GBN
|
| 958 |
|
|
|a OND
|
| 999 |
|
|
|c 641921
|d 643851
|
| 952 |
|
|
|t P60, <04>, [BOOK], {604}
|a SNK
|b SNK
|y PREZ
|7 0
|p 17A0341793
|o snkSP 117778
|0 0
|1 0
|4 0
|d 2002-05-09
|f 1
|l 0
|r 2005-01-02 00:00:00
|w 2026-02-23
|